书目信息 |
| 题名: |
一本书读懂保健食品
|
|
| 作者: | 于雅婷 主编 | |
| 分册: | ||
| 出版信息: | 南京 江苏凤凰科学技术出版社 2016 |
|
| 页数: | 351页 | |
| 开本: | 24cm | |
| 丛书名: | ||
| 单 册: | ||
| 中图分类: | TS218 | |
| 科图分类: | ||
| 主题词: | 疗效食品--liao xiao shi pin--基本知识 | |
| 电子资源: | ||
| ISBN: | 978-7-5537-6001-8 | |
| 000 | 00759nam0 22002291 450 | |
| 001 | 1738649166 | |
| 005 | 20170628091815.0 | |
| 010 | @a978-7-5537-6001-8@dCNY45.00 | |
| 100 | @a20160616d2016 em y0chiy50 ea | |
| 101 | 0 | @achi |
| 102 | @aCN@b320000 | |
| 105 | @aa z 000yy | |
| 106 | @ar | |
| 200 | 1 | @a一本书读懂保健食品@9yi ben shu du dong bao jian shi pin@f于雅婷主编 |
| 210 | @a南京@c江苏凤凰科学技术出版社@d2016 | |
| 215 | @a351页@c彩图@d24cm | |
| 330 | @a本书内容包括:保健食品最新情报、保健食品大公开、八大人群保健食品、营养补给对症吃、揭开营养密码等。 | |
| 606 | 0 | @a疗效食品@9liao xiao shi pin@x基本知识 |
| 690 | @aTS218@v5 | |
| 701 | 0 | @a于雅婷@9yu ya ting@c(女)@4主编 |
| 801 | 0 | @aCN@bTANGWEI@c20170627 |
| 905 | @b1016973-8@dTS218@e248@f6 | |
| 一本书读懂保健食品/于雅婷主编.-南京:江苏凤凰科学技术出版社,2016 |
| 351页:彩图;24cm |
| ISBN 978-7-5537-6001-8:CNY45.00 |
| 本书内容包括:保健食品最新情报、保健食品大公开、八大人群保健食品、营养补给对症吃、揭开营养密码等。 |
| ● |
| 相关链接 |
|
|
|
|
正题名:一本书读懂保健食品
索取号:TS218/248
 
预约/预借
| 序号 | 登录号 | 条形码 | 馆藏地/架位号 | 状态 | 备注 |
| 1 | 1016973 | 210169734 | 第二样本阅览室/ [索取号:TS218/248] | 在馆 | |
| 2 | 1016974 | 210169743 | 教育系资料室/ [索取号:TS218/248] | 在馆 | |
| 3 | 1016975 | 210169752 | 教育系资料室/ [索取号:TS218/248] | 在馆 | |
| 4 | 1016976 | 210169761 | 教育系资料室/ [索取号:TS218/248] | 在馆 | |
| 5 | 1016977 | 210169770 | 第三借阅区/ [索取号:TS218/248] | 在馆 | |
| 6 | 1016978 | 210169789 | 第三借阅区/ [索取号:TS218/248] | 在馆 |